000 00289cam a2200109ua 4500
082 _a821
_bCOU/OX
100 _aCouch, Arthur Quiller .
_91957
245 _aOxford Book of Victorian Verse /
260 _aLondon :
_bOxford at the Clarendon Press ,
_c1962.
300 _a1023 ; .
942 _cBK
999 _c5172
_d5172